00611 2200229 4500001002100000005001500021035002000036007000300056008004100059020001800100082000800118084001400126100001800140245008300158260003200241300002900273650001700302700002500319520001300344990001200357990001200369INLIS00000000000192120180424030610 a0010-0418000078ta180424 g 0 ind  a602-8940-06-2 a920 a920 ABD c0 aABDI, Pratama1 aCacatan Inspirasi dari Jepang /cAbdi Pratama, penyunting, Farid Ikhsan Asbani aYogyakarta :bProYou,c2013 a273 hlm :bilus ;c20 cm aAUTOBIOGRAFI0 aFARID, Ikhsan Asbani alampiran a16366 a a16366 b